000 01116nam a2200301 a 4500
001 73096
003 BD-RjUL
005 20211209082341.0
008 170528s1965 enka b 000 0 eng d
035 _a(BD-RjUL)73314
035 _a(OCoLC)4577704
040 _aDLC
_cNcRS
_dOCoLC
_dDLC
_dBD-RjUL
_beng
041 1 _aeng
_hund
082 _223
_a536.3
_bAPT 1965
100 1 _aApanasevich, P. A.
_9216215
245 1 0 _aTables for the energy and photon distribution in equilibrium radiation spectra /
_cby P.A. Apanasevich and V.S. Aizenshtadt. Translated by Prasenjit Basu. Translation edited by J. Adler.
260 _aOxford ;
_aNew York :
_bPergamon Press;
_cc1965.
300 _aviii, 250 p. :
_bill. ;
_c26 cm.
504 _a"References": p. 37.
650 0 _aHeat
_xRadiation and absorption.
_9216216
650 0 _aPhotons.
_9216217
650 0 _aSpectrum analysis
_xTables.
_9216218
700 1 _aAizenshtadt, V. S.
_ejoint author.
_9216219
830 _aMathematical tables series,
_vv. 35
_9155512
942 _2ddc
_cBK
999 _c73096
_d73096